01146nam a2200313Ia 450000500170000000800410001702000150005808200180007324501360009125000390022730000270026665000360029365000430032965000440037265000100041665000370042665000340046365000280049770000360052570000410056170000290060270000230063170000230065426400320067733600270070933700330073633800280076904000350079720220317000508.0160601s2004 ck a g 000 0 spa  a958200498304a370.115 bE2810aEducación para la paz buna pedagogía para consolidar la democracia social y participativa cAntanas Mockus... [y otros cuatro] a1a edición b1a. reimpresión  a378 páginas c21 cm 142LEMB aEducación para la paz 142LEMB aLuchas sociales y educación 142LEMB aEducación cívica zColombia 142LEMB 142LEMB aDemocracia participativa 142LEMB aConvivencia ciudadana 142LEMB aEtnoeducación 1 aMockus Sivickas, Antanasd1952-1 aCajiao Restrepo, Francisco A.d1947-1 aMejía J., Marco Raúl1 aJaramillo, Rosario1 aBermúdez, Angela aBogotá bMagisterioc2004 atextobtxt2rdacontent asin mediaciónbn2rdamedia avolumenbnc2rdacarrier aCO-BoRNBPbspaerdacCO-BoRNBP